000 00588nam a2200241Ia 4500
008 171120s9999 xx 000 0 und d
020 _a9.7818475031e+012
050 _a597.96
050 _bT974 2008
100 _aTwist, Clint
245 _aSnakes dictionary :
245 _ban A to Z of amazing snakes /
245 _cby Clint Twist.
260 _aLondon :
260 _bCupcake,
260 _c2008
300 _a64 pages :
300 _bcolored illustrations ;
300 _c28cm.
500 _aIncludes glossary and index.
650 _aSnakes.
700 _aTitle.
999 _c345033
_d345033